Top 30 des sports les plus populaires en France - Statistiques

Statistiques générales
  • Ce quiz a été pris 143 fois
  • Le résultat moyen est 19 sur 30
Statistiques - réponses
Top Sports % Correct
1 Football
99%
4 Basketball
98%
2 Tennis
97%
3 Rugby
91%
5 Handball
90%
6 Natation
83%
8 Judo
82%
20 Tennis de table
82%
10 Volleyball
80%
15 Athlétisme
79%
19 Badminton
77%
7 Cyclisme
75%
16 Équitation
74%
28 Karaté
73%
25 Danse sportive
71%
11 Boxe
70%
23 Gymnastique
69%
9 Running / Course à pied
67%
14 Ski
57%
30 Hockey sur glace
52%
18 Golf
51%
22 Musculation
48%
13 MMA
45%
21 Escalade
44%
26 Surf
37%
17 Pétanque
36%
27 Canoë-kayak
34%
29 Baseball
29%
12 Formule 1
25%
24 Esport
11%
Aucun quiz correspondant
Distribution des résultats
% des personnes avec chaque résultat
Percentile par nombre de réponses
Votre historique - résultats
Vous n’avez pas pris ce quiz